Great Lakes Map Quiz - Sudden Death - Statistics

General Stats
  • This quiz has been taken 46 times
  • The average score is 4 of 5
Answers on the Map
Answers color-coded by a green-red scale on the quiz's map according to % correct below.
 
Answer Stats
Answer % Correct
Lake Superior
86%
Lake Erie
75%
Lake Michigan
75%
Lake Huron
68%
Lake Ontario
61%
No matching quizzes found
Score Distribution
Percent of People with Each Score
Percentile by Number Answered
Your Score History
You have not taken this quiz